Get the Picture: Madonna or Lady Gaga? Quiz Stats

 Plays Quiz Updated Jun 17, 2019

Score 0/16 Timer 02:00
0 Plays Today
Question Answer Wrong Answers
Like a Virgin Madonna
95.8%
Lady Gaga
1.7%
Papa Don't Preach Madonna
95.1%
Lady Gaga
2.5%
Like a Prayer Madonna
94.9%
Lady Gaga
3.1%
Poker Face Lady Gaga
94.4%
Madonna
3.1%
Born This Way Lady Gaga
93.6%
Madonna
4.4%
Vogue Madonna
93.4%
Lady Gaga
4.2%
Bad Romance Lady Gaga
93.1%
Madonna
4.6%
Shallow Lady Gaga
88.6%
Madonna
9%
The Edge of Glory Lady Gaga
87.6%
Madonna
9.8%
Express Yourself Madonna
87.5%
Lady Gaga
10.1%
Million Reasons Lady Gaga
84.2%
Madonna
13.5%
Ray of Light Madonna
81.9%
Lady Gaga
15.6%
This Used to Be My Playground Madonna
77.6%
Lady Gaga
20.1%
Marry the Night Lady Gaga
75%
Madonna
22.6%
Hung Up Madonna
60.7%
Lady Gaga
37%
Dance in the Dark Lady Gaga
58.8%
Madonna
38.9%

Today's Daily Dose

Missing Word
1940s A-Z

Quick Pick
'S' Athletes

Get the Picture
Depp or Bonham Carter

You're not logged in!

Compare scores with friends on all Sporcle quizzes.
OR
Log In

Sporcle TV

Today on Sporcle TV


Watch our educational content, quiz creation guides, and fun videos on Sporcle TV.

Show Comments

Extras

Top Quizzes Today


Score Distribution

Your Account Isn't Verified!

In order to create a playlist on Sporcle, you need to verify the email address you used during registration. Go to your Sporcle Settings to finish the process.

Report this User

Report this user for behavior that violates our Community Guidelines.

Details: